| 000 | 00586nam a2200217Ia 4500 | ||
|---|---|---|---|
| 005 | 20251122100218.0 | ||
| 008 | 230125s9999 xx 000 0 und d | ||
| 020 | _a978-1-56957-236-8 | ||
| 041 | _aeng | ||
| 082 |
_a158.1 _bSUZ |
||
| 100 |
_aSuzuki S _9215456 |
||
| 245 | _aZen Mind, Beginners Mind - Informal Talks on Zen Meditation | ||
| 250 | _a1st Ed. | ||
| 260 |
_c2020 _bShambala South Asia _aColorado |
||
| 300 | _a148p | ||
| 500 | _aPersonality Development | ||
| 650 |
_aPersonality Development _9213420 |
||
| 700 |
_aSuzuki S _9215456 |
||
| 906 | _b99.75 | ||
| 942 | _cBK | ||
| 999 |
_c96785 _d96785 |
||